The Blundell Memorial Lectures (1993) ... current problems in property law ... (Record no. 91678)

MARC details
000 -LEADER
fixed length control field 01370cam a2200313 4500
001 - CONTROL NUMBER
control field J1740
008 - FIXED-LENGTH DATA ELEMENTS--GENERAL INFORMATION
fixed length control field 090401t1993 xxu||||| |||| 00| 0 eng d
035 ## - SYSTEM CONTROL NUMBER
System control number (Sirsi) u45299
041 ## - LANGUAGE CODE
Language code of text/sound track or separate title eng
050 ## - LIBRARY OF CONGRESS CALL NUMBER
Classification number 346.41043
110 ## - MAIN ENTRY--CORPORATE NAME
Corporate name or jurisdiction name as entry element General Council of the Bar
9 (RLIN) 691
245 #4 - TITLE STATEMENT
Title The Blundell Memorial Lectures (1993) ... current problems in property law ...
260 ## - PUBLICATION, DISTRIBUTION, ETC.
Place of publication, distribution, etc. London
Name of publisher, distributor, etc. RICS Conferences
Date of publication, distribution, etc. 1993
300 ## - PHYSICAL DESCRIPTION
Extent 220p. ; 30cm.
350 ## - PRICE (NR) (BK AM CF MU VM SE) [OBSOLETE]
Price 0
490 ## - SERIES STATEMENT
Series statement Blundell Lectures
520 ## - SUMMARY, ETC.
Summary, etc. Papers:- Still on the hook? Privity of contract and law reform/ MALE, JOHN & MILLER, WENDY - Environment and contaminated land: is it your problem?/ TROMANS, STEPHEN & STAPLETON, TIM - Getting at the truth in arbitration: admissibility, confidentiality and compulsion/ REYNOLDS, KIRK & JONES, PETER - Leasehold enfranchisement: getting to grips with the new law/ COLE, EDWARD & MARR-JOHNSON, SIMON.
650 ## - SUBJECT ADDED ENTRY--TOPICAL TERM
Topical term or geographic name entry element BLUNDELL MEMORIAL LECTURES
650 ## - SUBJECT ADDED ENTRY--TOPICAL TERM
Topical term or geographic name entry element CONTAMINATED LAND
650 ## - SUBJECT ADDED ENTRY--TOPICAL TERM
Topical term or geographic name entry element LANDLORD AND TENANT
9 (RLIN) 6252
650 ## - SUBJECT ADDED ENTRY--TOPICAL TERM
Topical term or geographic name entry element LEASEHOLD ENFRANCHISEMENT
650 ## - SUBJECT ADDED ENTRY--TOPICAL TERM
Topical term or geographic name entry element LEASEHOLD REFORM, HOUSING AND URBAN DEVELOPMENT ACT 1993
650 ## - SUBJECT ADDED ENTRY--TOPICAL TERM
Topical term or geographic name entry element PRIVITY OF CONTRACT
690 ## - LOCAL SUBJECT ADDED ENTRY--TOPICAL TERM (OCLC, RLIN)
Topical term or geographic name as entry element PROPERTY LAW AND PRACTICE
710 ## - ADDED ENTRY--CORPORATE NAME
Corporate name or jurisdiction name as entry element Law Society of England and Wales
9 (RLIN) 1639
710 ## - ADDED ENTRY--CORPORATE NAME
Corporate name or jurisdiction name as entry element Royal Institution of Chartered Surveyors
9 (RLIN) 4900
942 ## - ADDED ENTRY ELEMENTS (KOHA)
Suppress in OPAC 0
Source of classification or shelving scheme Dewey Decimal Classification
948 ## - LOCAL PROCESSING INFORMATION (OCLC); SERIES PART DESIGNATOR (RLIN)
c (OCLC) 04/03/1997
Holdings
Withdrawn status Lost status Source of classification or shelving scheme Damaged status Not for loan Home library Current library Shelving location Date acquired Total Checkouts Full call number Barcode Date last seen Copy number Price effective from Koha item type
    Dewey Decimal Classification     London London Basement 25/08/1993   RESERVE SHELF 323 30039483 06/08/2019 2 06/08/2019 Reference material